00377nam a2200145Ia 4500008004100000020001800041041000800059082001500067100002800082245002900110250002300139260004100162300001200203700001600215220530s9999 xx 000 0 und d a9788189411077 aeng a629.8bBAK aBakshi U.A.; Goyal S.C. aFeedback Control Systems a13 th reprint 2012 aPune bTechnical Publications c2012 a814bPB a Goyal S.C.